| 000 | 00464nam a22001217a 4500 | ||
|---|---|---|---|
| 999 |
_c18723 _d18723 |
||
| 008 | 210121b xxu||||| |||| 00| 0 eng d | ||
| 050 |
_aGMB0125 _b.K64 2018 c.1 |
||
| 100 | _aKoech, Shadrack Kiprop | ||
| 245 |
_aThe effects of economic factors on the performance of real estate developers in Nakuru central business district, Kenya _cShadrack Kiprop Koech |
||
| 260 |
_aKabarak, Nakuru, Kenya _bKabarak University _c2018 |
||
| 300 | _a65 leaves | ||
| 942 |
_2lcc _cTHE |
||